Opeth albums - Statistics

General Stats
  • This quiz has been taken 130 times
    116 since last reset
  • The average score is 11 of 13
Answer Stats
Year Album % Correct
2001 Blackwater Park
98%
1995 Orchid
98%
2003 Damnation
96%
2005 Ghost Reveries
92%
2002 Deliverance
90%
1999 Still Life
90%
1996 Morningrise
89%
2016 Sorceress
89%
2008 Watershed
89%
1998 My Arms, Your Hearse
82%
2011 Heritage
81%
2014 Pale Communion
76%
2019 In Cauda Venenum
74%
No matching quizzes found
Score Distribution
Percent of People with Each Score
Percentile by Number Answered
Your Score History
You have not taken this quiz since the last reset